Design and implementation of link access control/medium accesscontrol protocol of CDMA2000 on 3GPP-2 standards (Record no. 181251)
[ view plain ]
| 000 -LEADER | |
|---|---|
| fixed length control field | 00790 a2200181 4500 |
| 003 - CONTROL NUMBER IDENTIFIER | |
| control field | Nust |
| 005 - DATE AND TIME OF LATEST TRANSACTION | |
| control field | 20170207153207.0 |
| 040 ## - CATALOGING SOURCE | |
| Transcribing agency | Nust |
| 082 ## - DEWEY DECIMAL CLASSIFICATION NUMBER | |
| Classification number | 005.1 |
| 100 ## - MAIN ENTRY--PERSONAL NAME | |
| Personal name | Awan, Usman Aftab ( MSCS-7) |
| 245 ## - TITLE STATEMENT | |
| Title | Design and implementation of link access control/medium accesscontrol protocol of CDMA2000 on 3GPP-2 standards |
| Statement of responsibility, etc. | Usman Aftab Awan |
| 260 ## - PUBLICATION, DISTRIBUTION, ETC. | |
| Name of publisher, distributor, etc. | MCS,NUST |
| Date of publication, distribution, etc. | 2005 |
| Place of publication, distribution, etc. | Rawalpindi |
| 300 ## - PHYSICAL DESCRIPTION | |
| Extent | vii, 85, p.; |
| 505 ## - FORMATTED CONTENTS NOTE | |
| Formatted contents note | Introduction (page-1) Third generation partnership project (3GPP2) and CDMA2000 (page-5) Network architecture (page-13) CDMA2000 protocol stack model (page-21) Radio link protocol (page-30) Implementation of the protocol in software form (page-48) Analysis and conclusion (page-57) |
| 538 ## - SYSTEM DETAILS NOTE | |
| System details note | Almirah No 73 Shelf No 1 |
| 650 ## - SUBJECT ADDED ENTRY--TOPICAL TERM | |
| Topical term or geographic name entry element | PG Thesis |
| 651 ## - SUBJECT ADDED ENTRY--GEOGRAPHIC NAME | |
| Geographic name | MSCS-7 |
| 942 ## - ADDED ENTRY ELEMENTS (KOHA) | |
| Koha item type | |
| Withdrawn status | Lost status | Source of classification or shelving scheme | Damaged status | Not for loan | Collection code | Permanent Location | Current Location | Date acquired | Total Checkouts | Full call number | Barcode | Date last seen | Price effective from | Koha item type |
|---|---|---|---|---|---|---|---|---|---|---|---|---|---|---|
| Military College of Signals (MCS) | Military College of Signals (MCS) | 12/12/2016 | 005.1 AWA | MCSTCS-161 | 12/08/2016 | 12/12/2016 | Book | |||||||
| Military College of Signals (MCS) | Military College of Signals (MCS) | 12/12/2016 | 005.1 AWA | MCSTCS-47 | 12/08/2016 | 12/12/2016 | Book |
